000 00689nam a22002057a 4500
005 20251108172349.0
008 250721s2000 xx 000 0 ara d
082 1 4 _a371.3/جام
100 1 _aجامل، عبد الرحمن عبد السلام
245 1 0 _aطرق التدريس العامة و مهارات تنفيذ و تخطيط عملية التدريس /
250 _aط2
264 1 _aعمان :
_bدار المناهج،
_c2000.
300 _a212ص
650 1 7 _aالتدريس
650 1 7 _aأساليب التدريس
650 1 7 _aتخطيط الدرس
650 1 7 _aالإختبارات و القياسات التربوية
942 _2ddc
_cBK
999 _c77295
_d77295